Songs from the First Line(s) - 1971 - Statistics

General Stats
  • This quiz has been taken 95 times
  • The average score is 15 of 30
Answer Stats
Hint Answer % Correct
Songs On the first part of the journey / I was looking at all the life / There were plants and birds and rocks and things Artist(s) America
86%
Songs Almost heaven, West Virginia, Blue Ridge Mountains, Shenandoah River / Life is old there, older than the trees, younger than the mountains, blowing like a breeze Artist(s) John Denver
86%
Songs Ain't no sunshine when she's gone / It's not warm when she's away / Ain't no sunshine when she's gone Song Ain't No Sunshine
82%
Songs A long, long time ago / I can still remember how that music used to make me smile / And I knew if I had my chance Song American Pie
82%
Songs Almost heaven, West Virginia, Blue Ridge Mountains, Shenandoah River / Life is old there, older than the trees, younger than the mountains, blowing like a breeze Song Take Me Home, Country Roads
82%
Songs A long, long time ago / I can still remember how that music used to make me smile / And I knew if I had my chance Artist(s) Don McLean
79%
Songs My sweet Lord / Hm, my Lord / Hm, my Lord / / I really want to see you / Really want to be with you Artist(s) George Harrison
79%
Songs My sweet Lord / Hm, my Lord / Hm, my Lord / / I really want to see you / Really want to be with you Song My Sweet Lord
78%
Songs On the first part of the journey / I was looking at all the life / There were plants and birds and rocks and things Song A Horse With No Name
75%
Songs Ain't no sunshine when she's gone / It's not warm when she's away / Ain't no sunshine when she's gone Artist(s) Bill Withers
74%
Songs Wake up, Maggie / I think I got something to say to you / It's late September and / I really should be back at school Song Maggie May
73%
Songs Wake up, Maggie / I think I got something to say to you / It's late September and / I really should be back at school Artist(s) Rod Stewart
73%
Songs Jeremiah was a bull frog / Was a good friend of mine / I never understood a single word he said / But I helped him drink his wine Song Joy To The World
55%
Songs It don't come easy, / You know it don't come easy. / It don't come easy, / You know it don't come easy. Song It Don't Come Easy
53%
Songs Jeremiah was a bull frog / Was a good friend of mine / I never understood a single word he said / But I helped him drink his wine Artist(s) Three Dog Night
49%
Songs It don't come easy, / You know it don't come easy. / It don't come easy, / You know it don't come easy. Artist(s) Ringo Starr
44%
Songs What'll you do when you get lonely / But nobody's waiting by your side? / You've been running and hiding much too long Artist(s) Derek And The Dominos
30%
Songs What'll you do when you get lonely / But nobody's waiting by your side? / You've been running and hiding much too long Song Layla
30%
Songs Well she's all you'd ever want, / She's the kind they'd like to flaunt and take to dinner. Song She's A Lady
29%
Songs Well she's all you'd ever want, / She's the kind they'd like to flaunt and take to dinner. Artist(s) Tom Jones
29%
Songs I can think of younger days when living for my life / Was everything a man could want to do / I could never see tomorrow Artist(s) Bee Gees
26%
Songs I remember when / I was five and you were ten, boy / You knew that I was shy / So you teased and made me cry Artist(s) Diana Ross
26%
Songs Talkin' to myself and feelin' old / Sometimes I'd like to quit / Nothing ever seems to fit / Hangin' around Artist(s) The Carpenters
25%
Songs I can think of younger days when living for my life / Was everything a man could want to do / I could never see tomorrow Song How Can You Mend A Broken Heart?
22%
Songs Well she's my woman of gold / And she's not very old - a ha ha / Well she's my woman of gold Artist(s) T. Rex
21%
Songs Talkin' to myself and feelin' old / Sometimes I'd like to quit / Nothing ever seems to fit / Hangin' around Song Rainy Days And Mondays
19%
Songs Well she's my woman of gold / And she's not very old - a ha ha / Well she's my woman of gold Song Hot Love
18%
Songs We can never know about the days to come / But we think about them anyway Artist(s) Carly Simon
14%
Songs I remember when / I was five and you were ten, boy / You knew that I was shy / So you teased and made me cry Song I'm Still Waiting
13%
Songs We can never know about the days to come / But we think about them anyway Song Anticipation
6%
No matching quizzes found
Score Distribution
Percent of People with Each Score
Percentile by Number Answered
Your Score History
You have not taken this quiz